Ṭībah dhāt al-miʼat bāb : ʻarḍ al-ṣawt wa-al-ḍawʼ bi-maʻābid al-Karnak "al-Uqṣur."

محفوظ في:

المؤلف الرئيسي: Wizārat al-Thaqāfah Hayʼat al-Āthār al-Miṣrīyah.

التنسيق: كتاب

اللغة: Undetermined

منشور في: Cairo : Wizārat al-Thaqāfah, Hayʼat al-Āthār al-Miṣrīyah, Idārat al-Ṣawt wa-al-Ḍawʼ,, 1975.

الموضوعات:

الوسوم: إضافة وسم

لا توجد وسوم, كن أول من يضع وسما على هذه التسجيلة!

رقم الطلب: DT73 .K4 T3

LEADER 00687nam a2200169Ia 4500
008 240329s9999||||xx |||||||||||||| ||und||
050 4 |a DT73 .K4 T3 
100 1 |a Wizārat al-Thaqāfah Hayʼat al-Āthār al-Miṣrīyah. 
245 1 0 |a Ṭībah dhāt al-miʼat bāb : ʻarḍ al-ṣawt wa-al-ḍawʼ bi-maʻābid al-Karnak "al-Uqṣur."  |c Wizārat al-Thaqāfah Hayʼat al-Āthār al-Miṣrīyah 
264 1 |a Cairo :  |b Wizārat al-Thaqāfah, Hayʼat al-Āthār al-Miṣrīyah, Idārat al-Ṣawt wa-al-Ḍawʼ,,  |c 1975. 
300 |a 44 ,  |b (some color)  |c 22 cm 
650 |a Egypt Karnak 
650 |a Temples 
650 |a Temples 
650 |a Temples Egypt Karnak 
942 |2 lcc  |c BK 
999 |c 57608  |d 57608